[Event "World Senior Teams +50"]
[Site "Radebeul GER"]
[Date "2016.07.02"]
[Round "7.27"]
[Board "4"]
[White "Lie, Terje"]
[Black "Jarnstrom, Henrik"]
[Result "1-0"]
[WhiteElo "1589"]
[BlackElo "1808"]
[WhiteTeam "Norway Mix"]
[BlackTeam "Finland"]
[WhiteFideId "1504916"]
[BlackFideId "510572"]
[EventDate "2016.06.26"]

1. d4 Nf6 2. c4 Nc6 3. Nc3 e5 4. dxe5 Nxe5 5. e3 Be7 6. Nf3 Ng6 7. Be2 b6 8. O-O
Bb7 9. b3 d6 10. Bb2 O-O 11. Qc2 Qd7 12. Rad1 Ng4 13. Nd5 Bxd5 14. Rxd5 f5 15.
Rfd1 f4 16. e4 Nh4 17. e5 Nxf3+ 18. Bxf3 c6 19. R5d2 Rad8 20. exd6 Bf6 21. Bxg4
Qxg4 22. f3 Qd7 23. b4 c5 24. b5 Bxb2 25. Qxb2 Rf6 26. Qe5 Re8 27. Qd5+ Kf8 28.
Kf1 h6 29. Re1 Rd8 30. Red1 Qf7 31. a4 g5 32. h3 Qxd5 33. Rxd5 Rd7 34. R1d2 Kf7
35. Ke1 Re6+ 36. Kd1 Re3 37. Re2 Rxe2 38. Kxe2 Ke6 39. h4 Rxd6 40. hxg5 hxg5 41.
Rxg5 Rd7 42. g4 Rd4 43. Rg7 Rxc4 44. Rxa7 Rc2+ 45. Kd3 Rf2 46. Ke4 c4 47. Rc7
Rc2 48. Rc6+ Kd7 49. Kxf4 c3 50. Ke3 Ra2 51. Rxc3 Rxa4 52. Rb3 Kd6 53. f4 Kc5
54. g5 Ra1 55. Ke4 Kc4 56. Rb2 Kc3 57. Rg2 Kc4 58. g6 Ra8 59. Rg5 Rg8 60. g7
Re8+ 61. Kf3 Rg8 62. Kg4 Kb4 63. Kh5 1-0

[Event "World Senior Teams +50"]
[Site "Radebeul GER"]
[Date "2016.07.02"]
[Round "7.28"]
[Board "2"]
[White "Schmidt, Hans-Gerd"]
[Black "Hartig, Uwe"]
[Result "1/2-1/2"]
[WhiteElo "1935"]
[BlackElo "2001"]
[WhiteTeam "TuS Coswig 1920"]
[BlackTeam "SV Bannewitz"]
[WhiteFideId "4657918"]
[BlackFideId "24668222"]
[EventDate "2016.06.26"]

1. Nf3 d6 2. g3 e5 3. d3 Nc6 4. Bg2 Be7 5. O-O Be6 6. c4 Qd7 7. Nc3 Bh3 8. Nd5
Bd8 9. b4 h5 10. b5 Nd4 11. Nxd4 exd4 12. Bxh3 Qxh3 13. Nf4 Qd7 14. e4 h4 15.
Qf3 g5 16. Ne2 c5 17. Qf5 Qxf5 18. exf5 a6 19. bxa6 Rxa6 20. f4 hxg3 21. Nxg3
gxf4 22. Bxf4 1/2-1/2

[Event "World Senior Teams +50"]
[Site "Radebeul GER"]
[Date "2016.07.03"]
[Round "8.1"]
[Board "1"]
[White "Boensch, Uwe"]
[Black "Jussupow, Artur"]
[Result "1/2-1/2"]
[WhiteTitle "GM"]
[BlackTitle "GM"]
[WhiteElo "2545"]
[BlackElo "2596"]
[WhiteTeam "Germany 1"]
[BlackTeam "Emanuel-Lasker-Gesellschaft"]
[WhiteFideId "4611268"]
[BlackFideId "4618777"]
[EventDate "2016.06.26"]

1. d4 d5 2. c4 dxc4 3. Nf3 Nf6 4. e3 Bg4 5. Bxc4 e6 6. h3 Bh5 7. Nc3 Nc6 8. Be2
a6 9. O-O Bd6 10. Nh4 Bxe2 11. Qxe2 O-O 12. Rd1 Nd5 13. Nf3 Bb4 14. Bd2 Nb6 15.
Ne4 f5 16. Nc5 Bxc5 17. dxc5 Nd5 18. e4 fxe4 19. Qxe4 Qf6 20. Bg5 Qf5 21. Re1 h6
22. Bd2 Rae8 23. Rac1 Nf6 24. Qc4 Nd5 25. Qe4 Nf6 1/2-1/2

[Event "World Senior Teams +50"]
[Site "Radebeul GER"]
[Date "2016.07.03"]
[Round "8.1"]
[Board "2"]
[White "Graf, Alexander"]
[Black "Bischoff, Klaus"]
[Result "1-0"]
[WhiteTitle "GM"]
[BlackTitle "GM"]
[WhiteElo "2561"]
[BlackElo "2500"]
[WhiteTeam "Emanuel-Lasker-Gesellschaft"]
[BlackTeam "Germany 1"]
[WhiteFideId "4680804"]
[BlackFideId "4600045"]
[EventDate "2016.06.26"]

1. d4 Nf6 2. c4 e6 3. Nc3 Bb4 4. e3 b6 5. Ne2 c5 6. a3 Ba5 7. Rb1 Na6 8. g3 Bb7
9. d5 exd5 10. Bg2 b5 11. cxb5 Bxc3+ 12. Nxc3 Nc7 13. b4 d6 14. O-O O-O 15. a4
Qe7 16. Ba3 c4 17. Bb2 Rfc8 18. Rc1 Rab8 19. Ne2 Ba8 20. Bd4 Nce8 21. Qd2 Rc7
22. Bxf6 Nxf6 23. Rfd1 d4 24. Bxa8 dxe3 25. Qxe3 Rxa8 26. Qxe7 Rxe7 27. Nf4 1-0

[Event "World Senior Teams +50"]
[Site "Radebeul GER"]
[Date "2016.07.03"]
[Round "8.1"]
[Board "3"]
[White "Volke, Karsten"]
[Black "Meister, Jakob"]
[Result "1/2-1/2"]
[WhiteTitle "IM"]
[BlackTitle "GM"]
[WhiteElo "2478"]
[BlackElo "2456"]
[WhiteTeam "Germany 1"]
[BlackTeam "Emanuel-Lasker-Gesellschaft"]
[WhiteFideId "4611411"]
[BlackFideId "4102541"]
[EventDate "2016.06.26"]

1. d4 e6 2. c4 Bb4+ 3. Nd2 d5 4. e3 Nf6 5. a3 Be7 6. Ngf3 O-O 7. Qc2 a5 8. b3 c5
9. Bb2 cxd4 10. exd4 b6 11. Bd3 Bb7 12. O-O Nbd7 13. Qd1 Ne4 14. Re1 Nxd2 15.
Nxd2 Bf6 16. Nf1 g6 17. Ne3 Bg7 18. cxd5 exd5 19. b4 Nf6 20. Qb3 a4 21. Qc2 Qd7
22. Rac1 Rfc8 23. Qe2 Qd6 24. Rc2 Bh6 25. Qf3 Rxc2 26. Bxc2 Bc6 27. Bd3 Bd7 28.
Nc4 Qc6 29. Ne5 Qd6 30. Nc4 Qc6 31. Ne5 Qd6 32. Bc1 Bxc1 33. Rxc1 Be8 34. h3 Rd8
35. Qe3 Kg7 36. g4 Ng8 37. f4 f6 38. Nf3 Bd7 39. Kg2 Re8 40. Qd2 Nh6 41. Re1
Rxe1 42. Nxe1 Nf7 43. Nf3 Nd8 44. Ng1 Ne6 45. Ne2 Nc7 46. Nc3 Ne6 47. Ne2 Nc7
48. Nc3 h6 49. Qe3 g5 50. Ne2 Kf8 51. Kf3 Qe7 52. Qxe7+ Kxe7 53. Nc3 b5 54. f5
Kd6 55. Ke3 Kc6 56. Kf2 Be8 57. Kg3 Kb6 58. Be2 Bc6 59. h4 Ne8 60. h5 1/2-1/2

[Event "World Senior Teams +50"]
[Site "Radebeul GER"]
[Date "2016.07.03"]
[Round "8.1"]
[Board "4"]
[White "Paehtz, Thomas"]
[Black "Tischbierek, Raj"]
[Result "0-1"]
[WhiteTitle "GM"]
[BlackTitle "GM"]
[WhiteElo "2361"]
[BlackElo "2439"]
[WhiteTeam "Emanuel-Lasker-Gesellschaft"]
[BlackTeam "Germany 1"]
[WhiteFideId "4611349"]
[BlackFideId "4611322"]
[EventDate "2016.06.26"]

1. e4 c5 2. Nf3 e6 3. d4 cxd4 4. Nxd4 Nf6 5. Nc3 d6 6. g4 h6 7. h4 h5 8. gxh5
Nxh5 9. Bg5 Nf6 10. Qf3 Nbd7 11. O-O-O a6 12. Qg2 Qc7 13. Be2 Rb8 14. f4 b5 15.
Bf3 Bb7 16. Rhe1 Qc4 17. Kb1 b4 18. Nd5 exd5 19. exd5+ Kd8 20. Nc6+ Kc7 21. Rd4
Qc5 22. Qf1 Nb6 23. Bxf6 gxf6 24. Nxb8 Kxb8 25. Rde4 Bh6 26. Re8+ Rxe8 27. Rxe8+
Ka7 28. f5 Bf4 29. Re4 Nxd5 30. Rc4 Ne3 31. Rxc5 Nxf1 32. Rc7 Nd2+ 33. Ka1 Nxf3
34. Rxf7 Nxh4 35. Rxf6 Be4 36. Rf7+ Kb6 37. f6 Bxc2 38. Re7 Bg6 39. f7 Bxf7 40.
Rxf7 Be5 41. Kb1 Ng2 42. Kc2 Ne3+ 43. Kd3 Nd1 44. b3 Nc3 45. Rf2 Kb5 46. Rg2 a5
47. Rf2 Nd5 48. Rf8 Nc3 49. Rf2 a4 50. Rg2 a3 51. Rf2 Kc5 52. Rg2 Kd5 53. Rf2
Ne4 54. Re2 Nc5+ 55. Kc2 Bb2 56. Rh2 Ne6 57. Rh4 Nd4+ 58. Kb1 Kc5 59. Rh5+ Kb6
60. Rh4 Ka5 61. Rh5+ Nb5 62. Kc2 Kb6 63. Rh4 Bd4 64. Kd3 Kc5 65. Rf4 d5 66. Rf8
Bb2 67. Rc8+ Kb6 68. Rb8+ Kc6 69. Kc2 Nc3 70. Rxb4 Nxa2 71. Ra4 Nc3 72. Ra8 Nb5
73. Rc8+ Kb6 74. Kb1 Ka5 75. Rb8 Kb4 76. Kc2 Be5 77. Ra8 Nd4+ 78. Kb1 Kxb3 79.
Ra5 Nc6 80. Ra6 Nb4 81. Ra5 Bc7 82. Ka1 0-1

[Event "World Senior Teams +50"]
[Site "Radebeul GER"]
[Date "2016.07.03"]
[Round "8.2"]
[Board "1"]
[White "Plaskett, H James"]
[Black "Vaganian, Rafael A"]
[Result "1-0"]
[WhiteTitle "GM"]
[BlackTitle "GM"]
[WhiteElo "2445"]
[BlackElo "2577"]
[WhiteTeam "England 2"]
[BlackTeam "Armenia"]
[WhiteFideId "400238"]
[BlackFideId "13300016"]
[EventDate "2016.06.26"]

1. e4 Nf6 2. Nc3 d5 3. e5 d4 4. exf6 dxc3 5. fxg7 cxd2+ 6. Qxd2 Qxd2+ 7. Bxd2
Bxg7 8. O-O-O Bf5 9. Ne2 O-O 10. Ng3 Be6 11. Nh5 Bxb2+ 12. Kxb2 Bg4 13. Re1 Bxh5
14. g4 Bg6 15. h4 f6 16. h5 Bf7 17. g5 Rd8 18. Bd3 fxg5 19. Bxg5 Nc6 20. Bxe7
Nxe7 21. Rxe7 Rac8 22. Bf5 Kf8 23. Re3 Rb8 24. Bxh7 Kg7 25. Bd3 Kh6 26. Re7 Rf8
27. Rxc7 Bg8 28. Rg1 Rxf2 29. Rcg7 1-0

[Event "World Senior Teams +50"]
[Site "Radebeul GER"]
[Date "2016.07.03"]
[Round "8.2"]
[Board "2"]
[White "Anastasian, Ashot"]
[Black "Lewis, Andrew P"]
[Result "1-0"]
[WhiteTitle "GM"]
[BlackTitle "FM"]
[WhiteElo "2532"]
[BlackElo "2269"]
[WhiteTeam "Armenia"]
[BlackTeam "England 2"]
[WhiteFideId "13300059"]
[BlackFideId "400955"]
[EventDate "2016.06.26"]

1. d4 Nf6 2. c4 g6 3. Nc3 Bg7 4. e4 d6 5. Nf3 O-O 6. h3 e5 7. d5 Na6 8. Be3 Nh5
9. Nh2 Qe8 10. Be2 Nf4 11. Bf3 f5 12. a3 Nc5 13. Bxc5 dxc5 14. O-O Qe7 15. Re1
a6 16. Ne2 Qd6 17. Nf1 Bd7 18. Rb1 b6 19. Nd2 Bh6 20. Nxf4 Bxf4 21. b4 Rae8 22.
Qc2 Rf6 23. Qc3 Qf8 24. Nb3 cxb4 25. axb4 Bg5 26. Rb2 Rf7 27. Nc1 Qh6 28. Nd3
fxe4 29. Bxe4 Bxh3 30. gxh3 Qxh3 31. Bg2 Qh4 32. Re4 Qh5 33. Rbe2 Ref8 34. c5
Bf4 35. Nxe5 Qh2+ 36. Kf1 Rf5 37. Nf3 Qh5 38. Re7 Bh6 39. R2e5 bxc5 40. bxc5
Rxf3 41. Bxf3 1-0

[Event "World Senior Teams +50"]
[Site "Radebeul GER"]
[Date "2016.07.03"]
[Round "8.2"]
[Board "3"]
[White "Lauterbach, Ingrid"]
[Black "Movsziszian, Karen"]
[Result "0-1"]
[WhiteTitle "WIM"]
[BlackTitle "GM"]
[WhiteElo "2107"]
[BlackElo "2488"]
[WhiteTeam "England 2"]
[BlackTeam "Armenia"]
[WhiteFideId "405221"]
[BlackFideId "13301152"]
[EventDate "2016.06.26"]

1. e4 c5 2. Nf3 g6 3. d4 Bg7 4. c3 cxd4 5. Nxd4 d6 6. Bb5+ Nd7 7. O-O Nf6 8. Qe2
O-O 9. f4 Qc7 10. Nf3 a6 11. Bd3 Nc5 12. Bc2 b5 13. e5 dxe5 14. Nxe5 Bb7 15. Nd2
e6 16. Ndf3 Rad8 17. Kh1 Nd5 18. c4 bxc4 19. Qxc4 a5 20. Nd4 Nxf4 21. Bxf4 Bxe5
22. Bxe5 Qxe5 23. Nf3 Bxf3 24. Rxf3 Qxb2 25. Rb1 Qd4 26. Qf1 Qd2 27. Qc4 Nd7 28.
Qa4 Ne5 29. Rd1 Qe2 30. Rff1 Rxd1 31. Rxd1 Rc8 32. Bb3 Ng4 33. Qd7 Rb8 34. Rc1
Qe5 35. g3 Qe4+ 0-1

[Event "World Senior Teams +50"]
[Site "Radebeul GER"]
[Date "2016.07.03"]
[Round "8.2"]
[Board "4"]
[White "Galdunts, Sergey"]
[Black "Page, Mark E"]
[Result "1-0"]
[WhiteTitle "GM"]
[WhiteElo "2415"]
[BlackElo "2080"]
[WhiteTeam "Armenia"]
[BlackTeam "England 2"]
[WhiteFideId "13300067"]
[BlackFideId "417050"]
[EventDate "2016.06.26"]

1. e4 c5 2. Nf3 d6 3. c3 Nf6 4. h3 e6 5. d3 Be7 6. Nbd2 Nc6 7. Be2 O-O 8. O-O d5
9. Re1 Qc7 10. Bf1 b6 11. g3 a5 12. Nh2 dxe4 13. dxe4 Bb7 14. f4 e5 15. f5 Rfd8
16. a4 Ba6 17. Bb5 Bxb5 18. axb5 Na7 19. Qe2 Qd7 20. c4 Qd3 21. Qg2 Qc2 22. Nhf1
Qd3 23. Ne3 Bf8 24. g4 g6 25. Nd5 Nxd5 26. exd5 Bg7 27. Ra3 Qc2 28. Rc3 Qa4 29.
Ne4 Nxb5 30. cxb5 Qd4+ 31. Kh1 Qxd5 32. Bg5 Rd7 33. Nf6+ Bxf6 34. Bxf6 Qxg2+ 35.
Kxg2 Rd2+ 36. Kf3 Rxb2 37. Rxe5 gxf5 38. Rce3 fxg4+ 39. hxg4 1-0

[Event "World Senior Teams +50"]
[Site "Radebeul GER"]
[Date "2016.07.03"]
[Round "8.3"]
[Board "1"]
[White "Strutinskaia, Galina"]
[Black "Clara, Hans-Joachim"]
[Result "1/2-1/2"]
[WhiteTitle "WGM"]
[BlackTitle "FM"]
[WhiteElo "2237"]
[BlackElo "2320"]
[WhiteTeam "Russia Women"]
[BlackTeam "Hessische Seniorenmannschaft"]
[WhiteFideId "4108558"]
[BlackFideId "4600380"]
[EventDate "2016.06.26"]

1. d4 Nf6 2. c4 e6 3. g3 d5 4. Nf3 dxc4 5. Bg2 b5 6. a4 c6 7. b3 cxb3 8. Qxb3 a6
9. O-O Bb7 10. Nc3 Nbd7 1/2-1/2

[Event "World Senior Teams +50"]
[Site "Radebeul GER"]
[Date "2016.07.03"]
[Round "8.3"]
[Board "2"]
[White "Nehmert, Ulrich"]
[Black "Mednikova, Svetlana"]
[Result "1/2-1/2"]
[WhiteTitle "FM"]
[BlackTitle "WGM"]
[WhiteElo "2324"]
[BlackElo "2180"]
[WhiteTeam "Hessische Seniorenmannschaft"]
[BlackTeam "Russia Women"]
[WhiteFideId "4600681"]
[BlackFideId "4109961"]
[EventDate "2016.06.26"]

1. Nf3 f5 2. g3 Nf6 3. Bg2 e6 4. c4 d5 5. O-O Bd6 6. d4 c6 7. Qc2 O-O 8. Bf4
Bxf4 9. gxf4 dxc4 10. Qxc4 Nd5 11. Qc1 Bd7 12. Nc3 Be8 13. Nxd5 exd5 14. a4 Bh5
15. Ra3 a5 16. Qc2 Bxf3 17. Rxf3 Nd7 18. Ra1 Qf6 19. Qd2 Nb6 20. b3 Nc8 21. Re3
Nd6 22. Re5 Nf7 23. Re3 Nd6 24. Re5 Nf7 25. Re3 Qd6 26. Rg3 Nd8 27. Bh3 Ne6 28.
e3 g6 29. Kh1 Kh8 30. Rgg1 Nc7 31. Rab1 Na6 32. Bf1 Qb4 1/2-1/2

[Event "World Senior Teams +50"]
[Site "Radebeul GER"]
[Date "2016.07.03"]
[Round "8.3"]
[Board "3"]
[White "Kozlovskaya, Valentina"]
[Black "Bosbach, Gerhard"]
[Result "0-1"]
[WhiteTitle "WGM"]
[WhiteElo "2218"]
[BlackElo "2217"]
[WhiteTeam "Russia Women"]
[BlackTeam "Hessische Seniorenmannschaft"]
[WhiteFideId "4107098"]
[BlackFideId "4605063"]
[EventDate "2016.06.26"]

1. d4 d5 2. c4 c6 3. e3 Nf6 4. Nc3 g6 5. Nf3 Bg7 6. h3 O-O 7. Be2 a6 8. O-O Nbd7
9. a4 dxc4 10. Bxc4 Nb6 11. Bd3 a5 12. e4 Nfd7 13. Be3 Nb8 14. Qb3 Na6 15. Bxa6
Rxa6 16. Rad1 Qd6 17. Qc2 Nc4 18. Bc1 Qb8 19. b3 Nd6 20. Bf4 b5 21. axb5 cxb5
22. Nd5 Ra7 23. Qc5 Rd8 24. Rc1 Be6 25. Rfe1 Qb7 26. Qc7 Qxc7 27. Nxc7 Bxb3 28.
Bxd6 exd6 29. Nxb5 Rb7 30. Na3 Rb4 31. Rc3 a4 32. Rd3 Bf6 33. g4 h6 34. Rd2 Rc8
35. Kg2 Rc3 36. Re3 Rxe3 37. fxe3 d5 38. Rb2 Be7 39. Ne5 Bd6 40. Nd3 Rb8 41. Nc5
dxe4 42. Rb1 Kg7 43. Kf2 f5 44. gxf5 gxf5 45. h4 Kf7 46. Rc1 Bd5 47. Rc2 Rb4 48.
Rd2 f4 49. Nc2 Rc4 50. exf4 Bxf4 51. Re2 Rc3 52. Nxa4 Rh3 53. Nc5 e3+ 54. Nxe3
Rf3+ 55. Ke1 Bxe3 56. Nd3 Bxd4 57. Ne5+ Bxe5 58. Rxe5 Be6 59. Ke2 Rh3 60. Re4 h5
61. Kf2 Bg4 62. Kg2 Rxh4 63. Kg3 Rh3+ 64. Kf4 Rf3+ 65. Kg5 Rf5+ 66. Kh4 Kf6 67.
Rb4 Bf3 68. Rb6+ Ke5 69. Rb5+ Kf4 70. Rb4+ Be4 71. Rb8 Ra5 72. Rf8+ Bf5 73. Kxh5
Ra7 74. Rh8 Rg7 75. Kh6 Rg6+ 76. Kh5 Rg1 77. Kh6 Rg6+ 78. Kh5 Rf6 79. Rb8 Bg4+ 0-1

[Event "World Senior Teams +50"]
[Site "Radebeul GER"]
[Date "2016.07.03"]
[Round "8.3"]
[Board "4"]
[White "Kargoll, Herbert"]
[Black "Fatalibekova, Elena"]
[Result "1/2-1/2"]
[BlackTitle "WGM"]
[WhiteElo "2185"]
[BlackElo "2227"]
[WhiteTeam "Hessische Seniorenmannschaft"]
[BlackTeam "Russia Women"]
[WhiteFideId "4636007"]
[BlackFideId "4106792"]
[EventDate "2016.06.26"]

1. e4 c5 2. Nf3 e6 3. d4 cxd4 4. Nxd4 Nf6 5. Bd3 Nc6 6. Nxc6 dxc6 7. O-O e5 8.
h3 Bc5 9. a4 Be6 10. Qe2 a5 11. Nd2 O-O 12. Nf3 Qc7 13. Bc4 Bxc4 14. Qxc4 Nd7
15. Rd1 b6 16. c3 Ra7 17. Nh4 Kh8 18. b4 axb4 19. cxb4 Bd4 20. Ra2 Rxa4 21. Rxa4
b5 22. Qa2 bxa4 23. Qxa4 Qb6 24. Qc2 Qxb4 25. Qxc6 Nf6 26. Nf5 Qb3 27. Rf1 Qe6
28. Qb7 Bc5 29. Be3 Bxe3 30. Nxe3 h6 31. Rc1 Qd6 32. Rc6 Qd4 33. Rc4 Qd3 34. Qe7
Qb1+ 35. Kh2 Qb8 36. Nf5 Ng8 37. Qc5 Nf6 38. Qe3 Kh7 39. Rc6 Ng8 40. Qc5 Qd8 41.
Qxe5 Nf6 42. Qf4 Ng8 43. e5 Qg5 44. Qe4 g6 45. Ne3 Qd8 46. Rd6 Qb8 47. f4 Rd8
48. Qd4 Re8 49. Rd7 Re7 50. Rxe7 Nxe7 51. Qd7 Qb4 52. Qg4 Qe4 53. Qf3 Qxf3 54.
gxf3 Nc6 55. Kg3 Kg7 56. Nc4 Nd4 57. Kf2 Kf8 58. Nd6 Ke7 59. Ke3 Nf5+ 60. Nxf5+
gxf5 61. Kd4 Kd8 62. Kc5 Kc7 1/2-1/2

[Event "World Senior Teams +50"]
[Site "Radebeul GER"]
[Date "2016.07.03"]
[Round "8.4"]
[Board "1"]
[White "Speelman, Jon S"]
[Black "Hjartarson, Johann"]
[Result "1-0"]
[WhiteTitle "GM"]
[BlackTitle "GM"]
[WhiteElo "2523"]
[BlackElo "2547"]
[WhiteTeam "England 1"]
[BlackTeam "Iceland"]
[WhiteFideId "400033"]
[BlackFideId "2300044"]
[EventDate "2016.06.26"]

1. Nf3 Nf6 2. g3 d5 3. Bg2 c6 4. O-O Bg4 5. d4 Nbd7 6. Nbd2 e6 7. Re1 Be7 8. e4
dxe4 9. Nxe4 Nxe4 10. Rxe4 Nf6 11. Re1 O-O 12. c3 Qc7 13. h3 Bxf3 14. Qxf3 Rad8
15. Bd2 Rd7 16. Rad1 Rfd8 17. Qe2 h6 18. a3 b5 19. h4 a6 20. b4 Rd5 21. a4 Bf8
22. h5 a5 23. axb5 cxb5 24. Bxd5 Rxd5 25. bxa5 e5 26. Ra1 exd4 27. cxd4 Rxd4 28.
Be3 Rc4 29. Bb6 1-0

[Event "World Senior Teams +50"]
[Site "Radebeul GER"]
[Date "2016.07.03"]
[Round "8.4"]
[Board "2"]
[White "Olafsson, Helgi"]
[Black "Hebden, Mark L"]
[Result "1/2-1/2"]
[WhiteTitle "GM"]
[BlackTitle "GM"]
[WhiteElo "2543"]
[BlackElo "2510"]
[WhiteTeam "Iceland"]
[BlackTeam "England 1"]
[WhiteFideId "2300010"]
[BlackFideId "400084"]
[EventDate "2016.06.26"]

1. e4 e5 2. Nf3 Nc6 3. Bb5 a6 4. Bxc6 dxc6 5. O-O Qf6 6. d4 exd4 7. Bg5 Qd6 8.
Nxd4 Bd7 9. Nc3 Be7 10. Bxe7 Nxe7 11. Nb3 Qxd1 12. Rfxd1 1/2-1/2

[Event "World Senior Teams +50"]
[Site "Radebeul GER"]
[Date "2016.07.03"]
[Round "8.4"]
[Board "4"]
[White "Arnason, Jon L"]
[Black "Flear, Glenn C"]
[Result "1/2-1/2"]
[WhiteTitle "GM"]
[BlackTitle "GM"]
[WhiteElo "2490"]
[BlackElo "2450"]
[WhiteTeam "Iceland"]
[BlackTeam "England 1"]
[WhiteFideId "2300036"]
[BlackFideId "400165"]
[EventDate "2016.06.26"]

1. e4 e5 2. Nf3 Nc6 3. Bb5 a6 4. Ba4 Nf6 5. d3 d6 6. c4 g6 7. Nc3 Bg7 8. h3 Bd7
9. Be3 O-O 10. Qd2 Ne7 11. Bxd7 Qxd7 12. O-O b5 13. b4 Rab8 14. cxb5 axb5 15. a4
bxa4 16. Rxa4 Rfd8 17. Qa2 Qe8 18. Rc1 Ra8 19. b5 Rxa4 20. Qxa4 d5 21. Nxe5 Nxe4
22. dxe4 Bxe5 23. Nxd5 Nxd5 1/2-1/2

[Event "World Senior Teams +50"]
[Site "Radebeul GER"]
[Date "2016.07.03"]
[Round "8.5"]
[Board "1"]
[White "Enders, Peter"]
[Black "Petran, Peter"]
[Result "1/2-1/2"]
[WhiteTitle "GM"]
[BlackTitle "IM"]
[WhiteElo "2448"]
[BlackElo "2331"]
[WhiteTeam "Thueringen"]
[BlackTeam "Slovakia"]
[WhiteFideId "4611314"]
[BlackFideId "14900114"]
[EventDate "2016.06.26"]

1. b3 e5 2. Bb2 Nc6 3. e3 d6 4. Nf3 g6 5. Be2 Bg7 6. O-O Nge7 7. d4 O-O 8. c4
Bg4 9. d5 Bxf3 10. Bxf3 Nb8 11. Nc3 Nd7 12. Rc1 a5 13. Qc2 Nc5 14. a3 f5 15. b4
Nd7 16. Nb5 b6 17. Bc3 Rf7 18. Rfd1 Nc8 19. Be1 Na7 20. Nc3 Nc8 21. Na4 axb4 22.
axb4 b5 23. cxb5 Ncb6 24. Nxb6 Nxb6 25. Qc6 e4 26. Be2 h5 27. Rc2 h4 28. h3 Be5
29. Rdc1 Ra7 30. Bc3 Qe7 31. Kh1 Kg7 32. Rd1 Bxc3 33. Qxc3+ Qf6 34. Qd2 Qe5 35.
Kg1 Re7 36. Bf1 Qf6 37. Rdc1 Qe5 38. Bc4 1/2-1/2

[Event "World Senior Teams +50"]
[Site "Radebeul GER"]
[Date "2016.07.03"]
[Round "8.5"]
[Board "2"]
[White "Motuz, Karol"]
[Black "Casper, Thomas"]
[Result "1/2-1/2"]
[WhiteTitle "FM"]
[BlackTitle "IM"]
[WhiteElo "2333"]
[BlackElo "2377"]
[WhiteTeam "Slovakia"]
[BlackTeam "Thueringen"]
[WhiteFideId "14902621"]
[BlackFideId "4611403"]
[EventDate "2016.06.26"]

1. b3 e5 2. Bb2 Nc6 3. Nf3 e4 4. Nd4 Nxd4 5. Bxd4 d5 6. e3 Nf6 7. c4 c6 8. Nc3
Be7 9. cxd5 cxd5 10. Rc1 O-O 11. Be2 Bf5 12. O-O a6 13. Na4 Nd7 14. Rc2 b5 15.
Nc3 Nf6 16. Qb1 Rc8 17. b4 Qd6 18. a3 Nd7 19. Rfc1 Rcd8 20. Qb3 Be6 21. Qb2 f6
22. Nxb5 axb5 23. Rc6 Qb8 24. Rxe6 Bd6 25. Qb3 Bxh2+ 26. Kh1 Be5 27. Qxd5 Kh8
28. Qxe4 Bxd4 29. exd4 f5 30. Qe3 f4 31. Qh3 Nf6 32. Bd3 Qa7 33. Bxb5 Rxd4 34.
Qc3 Ne4 35. Qc7 Qxa3 36. Rf1 Qxb4 37. Qe5 Nf6 1/2-1/2

[Event "World Senior Teams +50"]
[Site "Radebeul GER"]
[Date "2016.07.03"]
[Round "8.5"]
[Board "3"]
[White "Brueggemann, Joachim"]
[Black "Briestensky, Rastislav"]
[Result "1/2-1/2"]
[WhiteTitle "IM"]
[BlackTitle "FM"]
[WhiteElo "2304"]
[BlackElo "2339"]
[WhiteTeam "Thueringen"]
[BlackTeam "Slovakia"]
[WhiteFideId "4611861"]
[BlackFideId "14900394"]
[EventDate "2016.06.26"]

1. e4 c6 2. d4 d5 3. Nc3 dxe4 4. Nxe4 Bf5 5. Ng3 Bg6 6. Nf3 Nd7 7. Bd3 e6 8. O-O
Ngf6 9. b3 Be7 10. Bb2 O-O 11. c4 a5 12. a3 Qb6 13. Re1 Rfd8 14. Bxg6 hxg6 15.
Qc2 Qa6 16. Ne5 c5 17. dxc5 Nxe5 18. Bxe5 Nd7 19. Re3 Nxc5 20. Ne4 1/2-1/2

[Event "World Senior Teams +50"]
[Site "Radebeul GER"]
[Date "2016.07.03"]
[Round "8.5"]
[Board "4"]
[White "Franzen, Jozef"]
[Black "Sandner, Gunter"]
[Result "0-1"]
[WhiteTitle "IM"]
[BlackTitle "FM"]
[WhiteElo "2280"]
[BlackElo "2267"]
[WhiteTeam "Slovakia"]
[BlackTeam "Thueringen"]
[WhiteFideId "14900181"]
[BlackFideId "4646401"]
[EventDate "2016.06.26"]

1. Nf3 Nf6 2. b3 g6 3. Bb2 Bg7 4. c4 O-O 5. g3 Nc6 6. Bg2 Re8 7. d4 d5 8. O-O
Bf5 9. cxd5 Nxd5 10. Nbd2 Ndb4 11. a3 Na6 12. e4 Bg4 13. h3 Be6 14. Nc4 Bxc4 15.
bxc4 e5 16. d5 Na5 17. Nd2 Bh6 18. f4 exf4 19. gxf4 Qd6 20. Qf3 Qb6+ 0-1

[Event "World Senior Teams +50"]
[Site "Radebeul GER"]
[Date "2016.07.03"]
[Round "8.6"]
[Board "3"]
[White "Ross, David"]
[Black "Weisshaupt, Rainer"]
[Result "1-0"]
[WhiteTitle "IM"]
[WhiteElo "2296"]
[BlackElo "2114"]
[WhiteTeam "Canada"]
[BlackTeam "SF Monheim Revival"]
[WhiteFideId "2600277"]
[BlackFideId "4621689"]
[EventDate "2016.06.26"]

1. d4 Nf6 2. Nf3 d5 3. c4 e6 4. Nc3 Bb4 5. Qb3 a5 6. Bg5 c6 7. e3 O-O 8. Be2
Nbd7 9. O-O Be7 10. Bf4 Nh5 11. Be5 f6 12. Bf4 g5 13. Bg3 Nxg3 14. hxg3 f5 15.
cxd5 exd5 16. Kh2 Kg7 17. Rh1 Qc7 18. Kg1 h6 19. Rc1 Qd6 20. Na4 Bf6 21. Qc2 Be7
22. b3 Qe6 23. Bd3 Bd6 24. Re1 Be7 25. Re2 Bd6 26. Kf1 Be7 27. Ke1 Bd6 28. Kd1
Be7 29. Rh2 Bb4 30. Qb2 Be7 31. Re1 b5 32. Nc3 a4 33. b4 a3 34. Qb1 Nf6 35. Ne5
Ne4 36. Bxe4 fxe4 37. f4 Bd6 38. Reh1 Bxe5 39. dxe5 Rh8 40. Ne2 d4 41. Nxd4 Qg4+
42. Kd2 Qxg3 43. Qe1 gxf4 44. Qxg3+ fxg3 45. Rh4 Ra4 46. Rxe4 h5 47. e6 Kg6 48.
Kc3 c5 49. bxc5 Rc4+ 50. Kb3 Rxc5 51. Rh3 Re8 52. Rxg3+ Rg5 53. Rxg5+ Kxg5 54.
g3 Kf6 55. Kxa3 Bb7 56. Rf4+ Ke5 57. Rh4 Bd5 58. Kb2 Bc4 59. a3 Rg8 60. Rxh5+
Kd6 61. Rh7 Rxg3 62. Nf5+ 1-0